Statistics for Countries bordering the Atlantic ocean in Africa

Click here to take the quiz!

General Stats

  • This quiz has been taken 52 times
    (18 since last reset)
  • The average score is 22 of 24

Answer Stats

Country% Correct
Congo
100%
Ghana
100%
Guinea
100%
Nigeria
100%
Angola
93%
Benin
93%
Cameroon
93%
Cameroon
93%
Equatorial Guinea
93%
Gabon
93%
Guinea Bissau
93%
Liberia
93%
Liberia
93%
Mauritania
93%
Morocco
93%
Senegal
93%
Sierra Leone
93%
Sierra Leone
93%
The Gambia
93%
Cape Verde
87%
Ivory Coast
87%
Togo
87%
Sao Tome
80%
South Africa
80%

Score Distribution

Percentile by Number Answered

Percent of People with Each Score

Your Score History

You have not taken this quiz since the last reset